Języki urzędowe w państwach Ameryki Południowej - Statystyki

Ogólne statystyki
  • Ten quiz został rozwiązany 40 razy
  • Średni wynik to 12 z 12
Statystyki odpowiedzi
Państwo Język % Poprawnych
Argentyna Hiszpański
100%
Chile Hiszpański
100%
Ekwador Hiszpański
100%
Kolumbia Hiszpański
100%
Wenezuela Hiszpański
100%
Urugwaj Hiszpański
100%
Brazylia Portugalski
100%
Boliwia Hiszpański
97%
Paragwaj Hiszpański
97%
Peru Hiszpański
97%
Gujana Angielski
91%
Surinam Niderlandzki
75%
Nie znaleziono quizów pasujących do podanych kryteriów
Rozkład punktacji
Procent ludzi z każdym wynikiem
Percentyl według liczby udzielonych odpowiedzi
Twoja historia wyników
Nie rozwiązałeś tego quizu